000 00503nam a22001932 4500
001 0000002785
005 20170406114511.0
008 140404s xx 000 0 eng d
020 _c$
040 _aYour Holding Symbol
_cYour Holding Symbol
100 1 _aHobsbawm,Eric.
245 1 4 _aThe age of revolution :
_b1789-1848.
250 _a ed.
260 _aLondon :
_bWeidenfeld,
_c1962.
300 _a356 p. ;
_c cm.
504 _aindex.
650 0 _arevolution.
908 _a140404
999 _c2671
_d2671